[Event "Xativa Murta op 5th"]
[Site "Xativa"]
[Date "2019.07.17"]
[Round "4"]
[White "Camison Zornoza, Cesar"]
[Black "Ulla Centelles, Llorens"]
[Result "1-0"]
[WhiteElo "1872"]
[BlackElo "1274"]
[PlyCount "25"]
[EventDate "2019.07.15"]
[EventType "swiss"]
[EventRounds "9"]
[EventCountry "ESP"]
[SourceTitle "EXT 2020"]
[Source "ChessBase"]
[SourceDate "2019.10.17"]
[SourceVersion "1"]
[SourceVersionDate "2019.10.17"]
[SourceQuality "1"]

1. e4 e5 2. Nf3 d6 3. d4 exd4 4. Bc4 Bg4 5. c3 dxc3 6. Qb3 Qe7 7. Nxc3 c6 8. Bg5 Nf6 9. 0-0-0 Nbd7 10. Qxb7 Qd8 11. e5 Nxe5 12. Nxe5 Bxd1 13. Qxf7# 1-0

[Event "Xativa Murta op 5th"]
[Site "Xativa"]
[Date "2019.07.16"]
[Round "3"]
[White "Domenech Briz, Jose"]
[Black "Camison Zornoza, Cesar"]
[Result "0-1"]
[WhiteElo "1565"]
[BlackElo "1872"]
[PlyCount "92"]
[EventDate "2019.07.15"]
[EventType "swiss"]
[EventRounds "9"]
[EventCountry "ESP"]
[SourceTitle "EXT 2020"]
[Source "ChessBase"]
[SourceDate "2019.10.17"]
[SourceVersion "1"]
[SourceVersionDate "2019.10.17"]
[SourceQuality "1"]

1. e4 Nf6 2. e5 Nd5 3. d4 d6 4. Nf3 dxe5 5. dxe5 Bg4 6. Bc4 e6 7. 0-0 Nc6 8. Re1 Be7 9. h3 Bxf3 10. Qxf3 Nd4 11. Qd3 Nb6 12. Be3 Nf5 13. Bxb6 axb6 14. a3 Qxd3 15. Bxd3 Nd4 16. Nc3 0-0 17. Rad1 Rfd8 18. Nb5 Nxb5 19. Bxb5 c6 20. Bd3 g6 21. Be4 Kf8 22. Kf1 Ra5 23. f4 Ke8 24. Ke2 Ra4 25. Kf3 b5 26. Rxd8+ Kxd8 27. g3 Kc7 28. h4 b4 29. axb4 Rxb4 30. b3 h5 31. g4 Bxh4 32. Rh1 hxg4+ 33. Kxg4 Rxe4 34. Rxh4 Kd7 35. Rh3 Ke7 36. Kg5 Re2 37. c4 Rg2+ 38. Kh4 f6 39. Rg3 Rh2+ 40. Rh3 g5+ 41. fxg5 fxg5+ 42. Kg3 Rxh3+ 43. Kxh3 Kf7 44. Kg4 Kg6 45. b4 b5 46. cxb5 cxb5 0-1

[Event "Benimodo Igualtat"]
[Site "Benimodo"]
[Date "2018.08.18"]
[Round "6.3"]
[White "Torres Sanchez, Jose"]
[Black "Camison Zornoza, Cesar"]
[Result "1-0"]
[WhiteElo "2312"]
[BlackElo "1920"]
[PlyCount "95"]
[EventDate "2018.08.14"]
[EventType "swiss"]
[EventRounds "7"]
[EventCountry "ESP"]
[SourceTitle "EXT 2024"]
[Source "ChessBase"]
[SourceDate "2023.10.10"]
[SourceVersion "1"]
[SourceVersionDate "2023.10.10"]
[SourceQuality "1"]

1. e4 Nf6 2. e5 Nd5 3. d4 d6 4. Nf3 dxe5 5. Nxe5 g6 6. Be2 Bg7 7. 0-0 0-0 8. Bf3 c6 9. Re1 Be6 10. Nd2 Nd7 11. Nb3 Nxe5 12. dxe5 Nb4 13. Bd2 Na6 14. Qe2 Qc8 15. c4 Rb8 16. Rac1 Rd8 17. Ba5 b6 18. Bc3 c5 19. a3 Qc7 20. Rcd1 Rxd1 21. Rxd1 Rd8 22. Bd5 Nb8 23. Bxe6 fxe6 24. Rxd8+ Qxd8 25. Nd2 Nc6 26. Nf3 Qc7 27. Qe4 Qd7 28. h4 Bh6 29. Qg4 Qd1+ 30. Kh2 Kg7 31. Qe4 Nd8 32. Ne1 Qh5 33. g3 Qf5 34. Qe2 Kg8 35. Kg2 Nc6 36. Nd3 Qf8 37. Qe4 Qe8 38. f4 Qd7 39. g4 Kf7 40. h5 Bg7 41. g5 gxh5 42. Kh3 Nd4 43. Bxd4 Qxd4 44. Qxd4 cxd4 45. b4 Ke8 46. Kh4 h6 47. Kxh5 hxg5 48. fxg5 1-0

[Event "Benimodo Igualtat"]
[Site "Benimodo"]
[Date "2018.08.16"]
[Round "4.5"]
[White "Camison Zornoza, Cesar"]
[Black "Kovacevic, Slobodan"]
[Result "1/2-1/2"]
[WhiteElo "1920"]
[BlackElo "2276"]
[PlyCount "222"]
[EventDate "2018.08.14"]
[EventType "swiss"]
[EventRounds "7"]
[EventCountry "ESP"]
[SourceTitle "EXT 2024"]
[Source "ChessBase"]
[SourceDate "2023.10.10"]
[SourceVersion "1"]
[SourceVersionDate "2023.10.10"]
[SourceQuality "1"]

1. e4 c5 2. d4 cxd4 3. c3 d3 4. Bxd3 e6 5. c4 Qc7 6. Nc3 a6 7. Nf3 d6 8. 0-0 Nd7 9. Qe2 Ngf6 10. h3 Be7 11. Be3 b6 12. Rac1 Bb7 13. b4 0-0 14. Rfd1 Rac8 15. Bd4 Ne5 16. Bxe5 dxe5 17. c5 bxc5 18. bxc5 Bxc5 19. Bxa6 Bxf2+ 20. Qxf2 Bxa6 21. Nd5 Qd8 22. Rxc8 Bxc8 23. Nxf6+ Qxf6 24. Qg3 Qe7 25. Nxe5 Qc5+ 26. Kh2 Qc2 27. Rf1 Qxe4 28. Rxf7 Rxf7 29. Nxf7 Kxf7 30. Qc7+ Kg6 31. Qxc8 Qe5+ 32. Kh1 Qa1+ 33. Kh2 Qxa2 34. Qe8+ Kh6 35. Qe7 Qc4 36. g4 Qf4+ 37. Kg2 Qf6 38. Qa3 Qf4 39. Qe7 Qd2+ 40. Kg3 Qc3+ 41. Kg2 Qb2+ 42. Kg3 Qf6 43. Qa3 g5 44. Qa8 Qe5+ 45. Kf2 Qc5+ 46. Ke2 Qe5+ 47. Kf2 Qf6+ 48. Ke2 Qe7 49. Qg8 Qf6 50. Qe8 Kg7 51. Qd7+ Qf7 52. Qd8 h6 53. Qd4+ Qf6 54. Qd7+ Kf8 55. Qc8+ Kf7 56. Qd7+ Qe7 57. Qd3 Qf8 58. Qd7+ Qe7 59. Qd3 Ke8 60. Qg6+ Kd7 61. Qxh6 Kd6 62. Qg6 Ke5 63. Qd3 Kf6 64. Qd4+ Kf7 65. Qh8 Qc5 66. Qh7+ Ke8 67. Qg8+ Kd7 68. Qf7+ Qe7 69. Qg6 Kc7 70. Qc2+ Kb6 71. Qb3+ Kc7 72. Qc4+ Kd8 73. Qd4+ Ke8 74. Qh8+ Kd7 75. Qd4+ Kc6 76. Qe4+ Kb5 77. Qe5+ Ka4 78. Qe4+ Ka5 79. Qe5+ Ka6 80. Qe3 Qf6 81. Qd3+ Kb6 82. Qb3+ Kc7 83. Qc4+ Kd8 84. Qd3+ Ke8 85. Qb5+ Kf8 86. Qc5+ Kg7 87. Qc7+ Kh6 88. Qb8 Qg7 89. Qe8 Qb2+ 90. Kd1 Qd4+ 91. Ke2 Qe5+ 92. Kd2 Qd6+ 93. Ke2 Kg7 94. Ke3 Qf4+ 95. Ke2 Qh2+ 96. Ke1 Qh1+ 97. Ke2 Qg2+ 98. Ke1 Qd5 99. Qe7+ Kg6 100. Qe8+ Kf6 101. Qh8+ Ke7 102. Qg7+ Kd6 103. Qf8+ Ke5 104. Qh8+ Kf4 105. Qf6+ Kg3 106. Qc3+ Kg2 107. Qh8 Qa5+ 108. Kd1 Qa4+ 109. Kd2 Qa2+ 110. Ke1 Qf2+ 111. Kd1 Qf3+ 1/2-1/2

[Event "Xativa Murta op 4th"]
[Site "Xativa"]
[Date "2018.07.20"]
[Round "7"]
[White "Galindo Montoya, Diego"]
[Black "Camison Zornoza, Cesar"]
[Result "1/2-1/2"]
[WhiteElo "1877"]
[BlackElo "1930"]
[PlyCount "84"]
[EventDate "2018.07.16"]
[EventType "swiss"]
[EventRounds "7"]
[EventCountry "ESP"]
[SourceTitle "CBM 185 Extra"]
[Source "ChessBase"]
[SourceDate "2018.07.29"]
[SourceVersion "1"]
[SourceVersionDate "2018.07.29"]
[SourceQuality "1"]

1. c4 g6 2. Nc3 Bg7 3. g3 Nc6 4. Bg2 d6 5. d3 e5 6. e4 f5 7. Nge2 h6 8. Be3 Nf6 9. h3 0-0 10. Qd2 Kh7 11. exf5 gxf5 12. 0-0-0 Be6 13. f4 Rb8 14. b3 d5 15. fxe5 Nxe5 16. d4 Nc6 17. Nf4 Bf7 18. cxd5 Nb4 19. Ne6 Bxe6 20. dxe6 Nbd5 21. Rhe1 Re8 22. Nxd5 Nxd5 23. Qd3 Nxe3 24. Rxe3 Qf6 25. g4 h5 26. Kc2 Rxe6 27. Rxe6 Qxe6 28. Qxf5+ Qxf5+ 29. gxf5 Kh6 30. Bd5 c6 31. Be6 Rd8 32. d5 cxd5 33. Rxd5 Rxd5 34. Bxd5 b6 35. Kd3 Kg5 36. Ke4 Bf6 37. Bf7 a5 38. Bg6 h4 39. Be8 Bd8 40. a4 Bf6 41. Bd7 Bc3 42. Kd5 Kf6 1/2-1/2

[Event "Xativa Murta op 4th"]
[Site "Xativa"]
[Date "2018.07.19"]
[Round "5"]
[White "Morant Gomar, Sergio"]
[Black "Camison Zornoza, Cesar"]
[Result "1-0"]
[WhiteElo "1664"]
[BlackElo "1930"]
[PlyCount "121"]
[EventDate "2018.07.16"]
[EventType "swiss"]
[EventRounds "7"]
[EventCountry "ESP"]
[SourceTitle "CBM 185 Extra"]
[Source "ChessBase"]
[SourceDate "2018.07.29"]
[SourceVersion "1"]
[SourceVersionDate "2018.07.29"]
[SourceQuality "1"]

1. c4 Nf6 2. Nc3 g6 3. d4 Bg7 4. e4 d6 5. f3 0-0 6. Be3 c6 7. Qd2 Re8 8. Bd3 e5 9. d5 Na6 10. a3 cxd5 11. cxd5 Nc5 12. Bc2 b6 13. Nge2 a5 14. 0-0 Nh5 15. b4 Nd7 16. Nb5 Nf8 17. Rac1 Ba6 18. Ba4 Re7 19. Rc6 Bxb5 20. Bxb5 Rb8 21. Rfc1 Ra7 22. bxa5 Rxa5 23. Bxb6 Rxb6 24. Qxa5 Bh6 25. R1c3 Qh4 26. g3 Rxb5 27. Qxb5 Qg5 28. Qb2 Nf4 29. Nxf4 exf4 30. Qg2 Qe5 31. Qf2 Nd7 32. Rc8+ Kg7 33. g4 Bg5 34. h4 Be7 35. R8c4 Bd8 36. Kg2 Bb6 37. Qb2 Qe7 38. Rb3+ Ne5 39. Rxb6 Qxh4 40. Qf2 Qg5 41. Rc3 h5 42. Kh3 hxg4+ 43. fxg4 Qxg4+ 44. Kh2 Qh5+ 45. Rh3 Qg5 46. Qg2 Ng4+ 47. Kg1 f3 48. Rxf3 Qc1+ 49. Rf1 Qe3+ 50. Kh1 Qh6+ 51. Kg1 Qe3+ 52. Rf2 Qc1+ 53. Qf1 Qe3 54. Rb1 f5 55. exf5 gxf5 56. Re1 Qxa3 57. Qg2 Qc3 58. Re7+ Kg6 59. Re6+ Kg5 60. Rxf5+ Kxf5 61. Qe4+ 1-0